Culture Générale - Série 1829 - Statistiques

Statistiques générales
  • Ce quiz a été pris 153 fois
  • Le résultat moyen est 5 sur 10
Statistiques - réponses
Question Réponse % Correct
Sur quel continent se trouve l'état insulaire de Nauru ? Océanie
89%
Comment appelle-t-on une faute lourde, grossière dont l'anagramme est "bouder"? bourde
84%
Dans les années 70, le feuilleton télévisé français avec Marthe Keller et Louis Velle s'appelait : "la demoiselle d'... Avignon
61%
Quelle chanteuse de variétés a été surnommée "Nini la chance" ? Annie Cordy
59%
De quel pays la danse "habanera" est-elle originaire ? Cuba
56%
Les rösti ou rœsti sont des galettes de pommes de terre, typiques de .... Suisse
55%
Quel phénomène météorologique est le "cers" ? vent
50%
Qui a écrit en 1878 le roman "Sans famille" ? Hector Malot
27%
Quel est la nationalité de l'artiste peintre James Ensor (1860-1949) ? belge
20%
Quel nom donne-t-on à un chemin creux traversant une forêt ou un bois ? cavée
1%
Aucun quiz correspondant
Distribution des résultats
% des personnes avec chaque résultat
Percentile par nombre de réponses
Votre historique - résultats
Vous n’avez pas pris ce quiz